States with Waffle House-Elimination - Statistics

General Stats
  • This quiz has been taken 34 times
    31 since last reset
  • The average score is 12 of 25
Answers on the Grid
Answers color-coded by a green-red scale on the quiz's grid according to % correct below.
Alabama
Alaska
Arizona
Arkansas
California
Colorado
Connecticut
Delaware
Florida
Georgia
Hawaii
Idaho
Illinois
Indiana
Iowa
Kansas
Kentucky
Louisiana
Maine
Maryland
Massachusetts
Michigan
Minnesota
Mississippi
Missouri
Montana
Nebraska
Nevada
New Hampshire
New Jersey
New Mexico
New York
North Carolina
North Dakota
Ohio
Oklahoma
Oregon
Pennsylvania
Rhode Island
South Carolina
South Dakota
Tennessee
Texas
Utah
Vermont
Virginia
Washington
West Virginia
Wisconsin
Wyoming
 
Answer Stats
Answer % Correct
Alabama
92%
Florida
79%
Georgia
67%
Tennessee
67%
Kentucky
63%
North Carolina
63%
South Carolina
63%
Louisiana
58%
Mississippi
58%
Texas
58%
Arkansas
50%
Ohio
50%
Oklahoma
50%
Virginia
46%
Missouri
42%
Pennsylvania
38%
West Virginia
38%
Maryland
33%
Indiana
29%
Arizona
25%
Kansas
25%
Delaware
21%
Illinois
21%
New Mexico
17%
Colorado
13%
No matching quizzes found
Score Distribution
Percent of People with Each Score
Percentile by Number Answered
Your Score History
You have not taken this quiz since the last reset